书目信息 |
| 题名: |
建筑的振动
|
|
| 作者: | 西川孝夫 著 ;孙林娜 , 王磊 译 | |
| 分册: | 应用篇 | |
| 出版信息: | 北京 中国建筑工业出版社 2021.03 |
|
| 页数: | 142页 | |
| 开本: | 26cm | |
| 丛书名: | 国外土木建筑工程系列 | |
| 单 册: | ||
| 中图分类: | TU311.3 | |
| 科图分类: | ||
| 主题词: | 建筑结构--jian zhu jie gou--结构振动 | |
| 电子资源: | ||
| ISBN: | 978-7-112-25223-7 | |
| 000 | 01431nam 2200313 450 | |
| 001 | 202021044852 | |
| 005 | 20211025120153.0 | |
| 010 | @a978-7-112-25223-7@dCNY56.00 | |
| 100 | @a20211006d2021 em y0chiy50 ea | |
| 101 | 1 | @achi@cjpn |
| 102 | @aCN@b110000 | |
| 105 | @aa a 000yy | |
| 106 | @ar | |
| 200 | 1 | @a建筑的振动@Ajian zhu de zhen dong@i应用篇@f(日) 西川孝夫 ... [等] 著@g孙林娜, 王磊译 |
| 210 | @a北京@c中国建筑工业出版社@d2021.03 | |
| 215 | @a142页@c图@d26cm | |
| 225 | 2 | @a国外土木建筑工程系列@Aguo wai tu mu jian zhu gong cheng xi lie |
| 304 | @a题名页题其余责任者: 荒川利治, 久田嘉章, 曾田五月也, 藤堂正喜, 山村一繁 | |
| 320 | @a有书目 | |
| 330 | @a全书共分7个章节, 分别是震动测定及其解析、运动方程式的数值计算法、动态抗震设计、地基和建筑物的相互作用、环境振动、地震和地震动, 以及程序 ; 两个附录分别是格林函数和表现定理的导入、概率论基础。作者结合日本的实际工程案例, 详细描述了建筑振动的相关原理, 使读者能全面掌握和熟悉建筑动态振动性能、结构周期特性、阻尼确定及评价方法、运动方程数值计算方法、现行抗震设计方法、地基与振动相互作用问题等设计理念和应用。 | |
| 410 | 0 | @12001 @a国外土木建筑工程系列 |
| 517 | 1 | @a应用篇@Aying yong pian |
| 606 | 0 | @a建筑结构@Ajian zhu jie gou@x结构振动 |
| 690 | @aTU311.3@v5 | |
| 701 | 0 | @a西川孝夫@Axi chuan xiao fu@4著 |
| 702 | 0 | @a孙林娜@Asun lin na@4译 |
| 702 | 0 | @a王磊@Awang lei@4译 |
| 801 | 0 | @aCN@c20210909 |
| 905 | @a河南城建学院图书馆@dTU311.3@eX067 | |
| 建筑的振动.应用篇/(日) 西川孝夫 ... [等] 著/孙林娜, 王磊译.-北京:中国建筑工业出版社,2021.03 |
| 142页:图;26cm.-(国外土木建筑工程系列) |
| ISBN 978-7-112-25223-7:CNY56.00 |
| 全书共分7个章节, 分别是震动测定及其解析、运动方程式的数值计算法、动态抗震设计、地基和建筑物的相互作用、环境振动、地震和地震动, 以及程序 ; 两个附录分别是格林函数和表现定理的导入、概率论基础。作者结合日本的实际工程案例, 详细描述了建筑振动的相关原理, 使读者能全面掌握和熟悉建筑动态振动性能、结构周期特性、阻尼确定及评价方法、运动方程数值计算方法、现行抗震设计方法、地基与振动相互作用问题等设计理念和应用。 |
| ● |
| 相关链接 |
|
|
|
正题名:建筑的振动
索取号:TU311.3/X067
 
预约/预借
| 序号 | 登录号 | 条形码 | 馆藏地/架位号 | 状态 | 备注 |
| 1 | 1544438 | 215444384 | 建筑库101/101建筑库 78排4列3层/ [索取号:TU311.3/X067] | 在馆 | |
| 2 | 1544439 | 215444393 | 建筑库101/101建筑库 78排4列3层/ [索取号:TU311.3/X067] | 在馆 |